000 00523nam a2200181Ia 4500
008 100920s9999 xx 000 0 und d
082 _b74176
_a24 थ 99
100 _aबोराडे रा. रं.
245 _aवानवळा.
260 _bप्रतिभास प्रकाशन,परभणी.
_c1999
300 _a131
_bसाधी
365 _b110
520 _aसायो.
630 _aवानवळा.
650 _aसायो.
730 _aवानवळा.
942 _cBOOK
999 _c715786
_d715783